Datum a čas kvízu
34.5
Celkem bodů
Celkový počet nahraných bodů na tomto kvízu bez doplňovacích otázek.
4.
Pořadí na kvízu
Konečné umístění týmu na tomto kvízu.
Zaznamenané odpovědi
| # | Otázka | Odpověď | Body | Výsledky |
|---|---|---|---|---|
| 1. | Která sedmipodlažní budova obc... | Kotva | 1 | |
| 2. | Na jihokorejských sociálních s... | párátka | 0 | |
| 3. | Cenu Czech Press Photo za rok... | D) v budově soudu | 1 | |
| 4. | Minulý týden byl spuštěn elekt... | DiPSy | 0 | |
| 5. | Který sportovec, muž narozený... | Ladislav Krejčí | 0 | |
| 6. | Ve třetím díle cestovatelského... | Jeseník | 0 | |
| 7. | Stále větší oblibě cestovatelů... | portugalština | 1 | |
| 8. | Ve kterém americkém městě může... | v Los Angeles | 1 | |
| 9. | S písmenem M se vracíme do Čes... | v Mníšku pod Brdy | 0 | |
| 10. | Ve kterém století byl vybudová... | v 19. století | 1 |